Manažment rizika
Význam manažmentu rizika v podnikateľskom rozhodovaní. Pojmy riziko, podnikateľské riziko a manažment rizika. Fázy manažmentu rizika: identifikácia, analýza rizika, kontrola rizika a financovanie rizika.
Enregistré dans:
| Auteur principal: | |
|---|---|
| Autres auteurs: | |
| Format: | Chapitre de livre |
| Langue: | slovaque |
| Sujets: | |
| Tags: |
Pas de tags, Soyez le premier à ajouter un tag!
|
MARC
| LEADER | 00000naa a2200000 4500 | ||
|---|---|---|---|
| 001 | r030737 | ||
| 005 | 20230918100731.5 | ||
| 041 | 0 | |a slo | |
| 044 | |a SK | ||
| 245 | 1 | 0 | |a Manažment rizika |c Tatiana Varcholová, Eva Kafková |
| 520 | |a Význam manažmentu rizika v podnikateľskom rozhodovaní. Pojmy riziko, podnikateľské riziko a manažment rizika. Fázy manažmentu rizika: identifikácia, analýza rizika, kontrola rizika a financovanie rizika. | ||
| 610 | 2 | 0 | |a risk management |
| 610 | 2 | 0 | |a riziko |
| 610 | 2 | 0 | |a riziko podnikateľské |
| 610 | 2 | 0 | |a pojmy |
| 610 | 2 | 0 | |a analýzy |
| 610 | 2 | 0 | |a kontrola |
| 610 | 2 | 0 | |a financovanie |
| 610 | 2 | 0 | |a poistenie |
| 610 | 2 | 0 | |a rozhodovanie podnikové |
| 100 | 1 | |a Varcholová, Tatiana | |
| 700 | 1 | |a Kafková, Eva | |